Arxiu Històric de Girona : extret de la guia dels arxius històrics de Catalunya / per Ramon Alberch i Fugueras extret de la guia dels arxius històrics de Catalunya / per Ramon Alberch i Fugueras
Descripción Física:
p. 227 a 250 ; 17'5 cm
MARC
| LEADER | 00000nam a2200000Ia 4500 | ||
|---|---|---|---|
| 001 | 8333 | ||
| 008 | 160829s1988 xx 000 0 cat d | ||
| 080 | |a FU-1-44 | ||
| 100 | |a Alberch i Fugueras, Ramon, |d 1951- |9 22280 | ||
| 245 | |a Arxiu Històric de Girona : |b extret de la guia dels arxius històrics de Catalunya / per Ramon Alberch i Fugueras | ||
| 260 | |a Barcelona : |b Departament de Cultura de la Generalitat de Catalunya, |c 1988 | ||
| 300 | |a p. 227 a 250 ; |c 17'5 cm | ||
| 650 | |a Arxiu Històric Municipal de Girona |x Guies |9 22281 | ||
| 710 | 2 | |a Catalunya. |b Departament de Cultura |9 52819 | |
| 901 | |a Arxiu | ||
| 942 | |n 1 | ||
| 952 | |0 0 |1 0 |4 0 |6 FU144 |7 1 |9 42156 |a Arxiu |b Arxiu |d 2016-12-01 |l 0 |o FU-1-44 |p 8333 |r 2016-12-01 00:00:00 |w 2016-12-01 |y ARXIU | ||
| 999 | |c 44603 |d 44603 | ||